[Event "Mitropa Cup 22nd"]
[Site "Pula"]
[Date "2003.05.18"]
[Round "2"]
[White "Naumann, Alexander"]
[Black "Manik, Mikulas"]
[Result "1-0"]
[WhiteElo "2524"]
[BlackElo "2465"]
[PlyCount "53"]
[EventDate "2003.05.17"]
[EventType "team-tourn"]
[EventRounds "9"]
[EventCountry "CRO"]
[Source "ChessBase"]
[SourceDate "2003.07.09"]

1. Nf3 Nf6 2. c4 c5 3. Nc3 b6 4. e4 d6 5. d4 cxd4 6. Nxd4 Bb7 7. Qe2 e6 8. g4
h6 9. Bg2 g5 10. Be3 Nbd7 11. h3 a6 12. O-O Qc7 13. Rac1 Be7 14. f4 gxf4 15.
Bxf4 Rc8 16. Be3 Nc5 17. Bf2 Rg8 18. Bg3 h5 19. Nd5 exd5 20. exd5 hxg4 21. Rxf6
gxh3 22. Nf5 Rxg3 23. Nxg3 hxg2 24. Nf5 Nd3 25. Ng7+ Kd8 26. Rxf7 Qc5+ 27. Kh2
1-0

[Event "Mitropa Cup 22nd"]
[Site "Pula"]
[Date "2003.05.18"]
[Round "2"]
[White "Navara, David"]
[Black "Libiszewski, Fabien"]
[Result "1-0"]
[WhiteElo "2576"]
[BlackElo "2369"]
[PlyCount "61"]
[EventDate "2003.05.17"]
[EventType "team-tourn"]
[EventRounds "9"]
[EventCountry "CRO"]
[Source "ChessBase"]
[SourceDate "2003.07.09"]

1. e4 e6 2. d4 d5 3. Nd2 Be7 4. Bd3 c5 5. dxc5 Nf6 6. Qe2 Nc6 7. Ngf3 Nb4 8.
Nb3 Nxd3+ 9. cxd3 a5 10. Bg5 a4 11. Nbd2 h6 12. Bh4 Qa5 13. exd5 Qxc5 14. dxe6
Bxe6 15. O-O Rd8 16. Ne4 Qd5 17. Rfd1 g5 18. Bg3 g4 19. Ne5 Qd4 20. Ng6 fxg6
21. Nxf6+ Bxf6 22. Qxe6+ Kf8 23. Rac1 Rh7 24. Rc8 Rhd7 25. Rxd8+ Rxd8 26. Bc7
Ra8 27. g3 Kg7 28. Bf4 Rd8 29. Rc1 Rd7 30. Rc8 Qd5 31. Bxh6+ 1-0

[Event "Mitropa Cup 22nd"]
[Site "Pula"]
[Date "2003.05.18"]
[Round "2"]
[White "Schenk, Andreas"]
[Black "Petrik, Tomas"]
[Result "1/2-1/2"]
[WhiteElo "2473"]
[BlackElo "2387"]
[PlyCount "85"]
[EventDate "2003.05.17"]
[EventType "team-tourn"]
[EventRounds "9"]
[EventCountry "CRO"]
[Source "ChessBase"]
[SourceDate "2003.07.09"]

1. d4 e6 2. c4 Nf6 3. Nc3 Bb4 4. Qc2 O-O 5. a3 Bxc3+ 6. Qxc3 b6 7. Bg5 Bb7 8.
Nf3 d6 9. Nd2 h6 10. Bh4 c5 11. dxc5 bxc5 12. e3 Nbd7 13. f3 Qb6 14. Be2 a5 15.
Qc2 Bc6 16. Bg3 Ne5 17. O-O Rfd8 18. Rfd1 Rab8 19. Rab1 a4 20. Nf1 Be8 21. Qc3
Ng6 22. Bd3 Nh5 23. Bf2 Ne5 24. Be2 f5 25. Rd2 Nc6 26. Bh4 g5 27. Be1 e5 28.
Bd1 Na5 29. g4 Ng7 30. Bc2 Nb3 31. Rg2 Bg6 32. h4 Kf7 33. Ng3 f4 34. Bxg6+ Kxg6
35. Qd3+ Kf6 36. Ne4+ Ke7 37. hxg5 hxg5 38. Nxg5 d5 39. Bh4 Rh8 40. Nh7+ Ke8
41. cxd5 c4 42. Qe4 Kf7 43. Ng5+ 1/2-1/2

[Event "Mitropa Cup 22nd"]
[Site "Pula"]
[Date "2003.05.18"]
[Round "2"]
[White "Simacek, Pavel"]
[Black "Wirig, Anthony"]
[Result "1-0"]
[WhiteElo "2417"]
[BlackElo "2347"]
[PlyCount "113"]
[EventDate "2003.05.17"]
[EventType "team-tourn"]
[EventRounds "9"]
[EventCountry "CRO"]
[Source "ChessBase"]
[SourceDate "2003.07.09"]

1. e4 c5 2. Nf3 Nc6 3. d4 cxd4 4. Nxd4 g6 5. c4 Nf6 6. Nc3 d6 7. Be2 Nxd4 8.
Qxd4 Bg7 9. Bg5 O-O 10. Qd2 Be6 11. Rc1 a6 12. b3 Qa5 13. O-O b5 14. cxb5 axb5
15. Bxb5 Rfc8 16. Qd3 Rxc3 17. Rxc3 Nxe4 18. Qxe4 Bxc3 19. a4 d5 20. Qf3 f6 21.
Be3 Qb4 22. Rd1 Rc8 23. Bd7 Bxd7 24. Qxd5+ Kg7 25. Qxd7 Rb8 26. Qe6 Be5 27. g3
Bd6 28. Rd3 h5 29. Bd4 Rd8 30. Bc3 Qb8 31. a5 Rf8 32. h4 Qb5 33. Qd5 Qa6 34. b4
Rb8 35. Re3 Rb5 36. Qe6 Rf5 37. Qe4 Qb5 38. Kg2 Rd5 39. Re1 Rd3 40. Re3 Rd1 41.
Re1 Rd3 42. Rc1 Kh7 43. Be1 f5 44. Qc6 Qe5 45. Rc3 Rd1 46. Re3 Qa1 47. a6 f4
48. gxf4 Qd4 49. Qf3 Rc1 50. Re4 Qb6 51. f5 Qxa6 52. fxg6+ Kxg6 53. Re6+ Kg7
54. Bc3+ Rxc3 55. Qxc3+ Kf7 56. Re4 Qa8 57. Qf3+ 1-0

[Event "Mitropa Cup 22nd"]
[Site "Pula"]
[Date "2003.05.18"]
[Round "2"]
[White "Sulava, Nenad"]
[Black "Scalcione, Michelangelo"]
[Result "1-0"]
[WhiteElo "2516"]
[BlackElo "2366"]
[PlyCount "90"]
[EventDate "2003.05.17"]
[EventType "team-tourn"]
[EventRounds "9"]
[EventCountry "CRO"]
[Source "ChessBase"]
[SourceDate "2003.07.09"]

1. Nf3 g6 2. e4 c5 3. d4 cxd4 4. Qxd4 Nf6 5. Nc3 Nc6 6. Qa4 d6 7. e5 dxe5 8.
Nxe5 Bd7 9. Nxd7 Qxd7 10. Be3 Bg7 11. Be2 O-O 12. O-O a6 13. Rad1 Qc7 14. Qf4
e5 15. Qh4 Ne7 16. Qb4 Nc6 17. Qb6 Qc8 18. Nd5 Nxd5 19. Rxd5 Nd4 20. Bd3 Rb8
21. c3 Nc6 22. Rd1 Bf6 23. Be4 Rd8 24. Qc5 Qe6 25. h3 Be7 26. Rxd8+ Rxd8 27.
Rxd8+ Nxd8 28. Qc7 Qd6 29. Qc8 Kg7 30. Bxb7 Nxb7 31. Qxb7 Qd1+ 32. Kh2 Bd6 33.
g3 h5 34. h4 Qd3 35. Qd7 Qd5 36. c4 Qe6 37. Qxe6 fxe6 38. Bb6 Kf7 39. Kg2 Ke8
40. Kf3 Kd7 41. Ke4 Kc6 42. Be3 Bc7 43. b4 Bd6 44. Bd2 Bc7 45. a4 Bd6 1-0

[Event "Mitropa Cup 22nd"]
[Site "Pula"]
[Date "2003.05.18"]
[Round "2"]
[White "Tibensky, Robert"]
[Black "Doettling, Fabian"]
[Result "1-0"]
[WhiteElo "2438"]
[BlackElo "2520"]
[PlyCount "113"]
[EventDate "2003.05.17"]
[EventType "team-tourn"]
[EventRounds "9"]
[EventCountry "CRO"]
[Source "ChessBase"]
[SourceDate "2003.07.09"]

1. d4 d5 2. c4 e6 3. Nc3 Be7 4. Nf3 Nf6 5. cxd5 exd5 6. Bg5 c6 7. Qc2 g6 8. e3
Bf5 9. Bd3 Bxd3 10. Qxd3 Nbd7 11. O-O-O Ng4 12. Bxe7 Qxe7 13. Qc2 Ngf6 14. h3
O-O-O 15. Kb1 Kb8 16. Ka1 Rhe8 17. Nd2 Nb6 18. Rhe1 Ne4 19. Nf3 f6 20. Re2 Nc4
21. Rc1 g5 22. Ne1 Nxc3 23. Qxc3 Qe4 24. Qb4 Ka8 25. b3 Nd6 26. Rc5 f5 27. f3
Qe7 28. Nc2 f4 29. Re1 Qf6 30. Rc3 Nf5 31. Rd3 c5 32. Qc3 c4 33. Rdd1 cxb3 34.
axb3 Rc8 35. exf4 Red8 36. Qd3 gxf4 37. Kb2 Re8 38. Rxe8 Rxe8 39. Qb5 Qf7 40.
Nb4 a6 41. Nxa6 Nd6 42. Qxd5 Re2+ 43. Ka3 Qe7 44. Nc5 Rxg2 45. Kb4 Ra2 46. Rg1
Ka7 47. Qe5 Qd8 48. Na4 b6 49. Rg7+ Nb7 50. Qe4 Qb8 51. Qe6 Qd8 52. Rd7 Qf8+
53. Kb5 Kb8 54. Ka6 Qc8 55. Kxb6 Rc2 56. Qe5+ Ka8 57. Qd5 1-0

[Event "Mitropa Cup 22nd"]
[Site "Pula"]
[Date "2003.05.18"]
[Round "2"]
[White "Tratar, Marko"]
[Black "Flumbort, Andras"]
[Result "1/2-1/2"]
[WhiteElo "2464"]
[BlackElo "2439"]
[PlyCount "36"]
[EventDate "2003.05.17"]
[EventType "team-tourn"]
[EventRounds "9"]
[EventCountry "CRO"]
[Source "ChessBase"]
[SourceDate "2003.07.09"]

1. Nf3 Nf6 2. c4 c5 3. Nc3 Nc6 4. g3 g6 5. Bg2 Bg7 6. d4 cxd4 7. Nxd4 O-O 8.
O-O Ng4 9. e3 d6 10. b3 Nxd4 11. exd4 Rb8 12. Bb2 Nh6 13. a4 Nf5 14. Nd5 e6 15.
Ne3 Nxe3 16. fxe3 a6 17. b4 h5 18. Qe2 b6 1/2-1/2

[Event "Mitropa Cup 22nd"]
[Site "Pula"]
[Date "2003.05.18"]
[Round "2"]
[White "Zelcic, Robert"]
[Black "Sedina, Elena"]
[Result "1-0"]
[WhiteElo "2540"]
[BlackElo "2434"]
[PlyCount "49"]
[EventDate "2003.05.17"]
[EventType "team-tourn"]
[EventRounds "9"]
[EventCountry "CRO"]
[Source "ChessBase"]
[SourceDate "2003.07.09"]

1. e4 e6 2. d4 d5 3. Nc3 Bb4 4. e5 Ne7 5. Nf3 c5 6. dxc5 Nd7 7. Bd3 Qc7 8. O-O
Bxc3 9. bxc3 Nxc5 10. Ba3 Bd7 11. c4 dxc4 12. Bxc4 Rc8 13. Nd4 Qa5 14. Bc1 O-O
15. Be3 Qc3 16. Nb3 Nxb3 17. axb3 Rfd8 18. Bd4 Be8 19. Bxc3 Rxd1 20. Rfxd1 b5
21. Bb4 Nc6 22. Bxb5 Nxb4 23. Bxe8 Rxe8 24. Rxa7 Nxc2 25. Rad7 1-0

[Event "Mitropa Cup 22nd"]
[Site "Pula"]
[Date "2003.05.18"]
[Round "2"]
[White "Zueger, Beat"]
[Black "Balinov, Ilija"]
[Result "0-1"]
[WhiteElo "2448"]
[BlackElo "2446"]
[PlyCount "77"]
[EventDate "2003.05.17"]
[EventType "team-tourn"]
[EventRounds "9"]
[EventCountry "CRO"]
[Source "ChessBase"]
[SourceDate "2003.07.09"]

1. Nf3 c5 2. c4 Nf6 3. Nc3 e6 4. g3 b6 5. Bg2 Bb7 6. O-O d6 7. Re1 a6 8. e4 Qc7
9. d4 cxd4 10. Nxd4 Be7 11. Be3 Nbd7 12. Rc1 Rc8 13. f4 Qb8 14. Qe2 Qa8 15. Bf2
O-O 16. f5 e5 17. Nb3 b5 18. Nd5 Bd8 19. Nd2 Bxd5 20. cxd5 Bb6 21. Bxb6 Nxb6
22. Bf3 Rxc1 23. Rxc1 Rc8 24. Nb3 Rxc1+ 25. Nxc1 Qc8 26. Nd3 Qc4 27. b3 Qc3 28.
g4 h6 29. h4 Nbd7 30. g5 Nc5 31. Nxc5 Qxc5+ 32. Kg2 Nh7 33. Qd2 hxg5 34. hxg5
f6 35. g6 Ng5 36. Qd3 Kf8 37. Be2 Qc1 38. a4 Qf4 39. axb5 0-1

[Event "Mitropa Cup 22nd"]
[Site "Pula"]
[Date "2003.05.19"]
[Round "3"]
[White "Borisek, Jure"]
[Black "Borgo, Giulio"]
[Result "1-0"]
[WhiteElo "2422"]
[BlackElo "2425"]
[PlyCount "69"]
[EventDate "2003.05.17"]
[EventType "team-tourn"]
[EventRounds "9"]
[EventCountry "CRO"]
[Source "ChessBase"]
[SourceDate "2003.07.09"]

1. e4 c5 2. Nf3 e6 3. d4 cxd4 4. Nxd4 Nc6 5. Nb5 d6 6. Bf4 Ne5 7. Bxe5 dxe5 8.
Qxd8+ Kxd8 9. N1a3 Nf6 10. O-O-O+ Ke7 11. f3 a6 12. Nd6 b5 13. b4 Ne8 14. Nxe8
Kxe8 15. Nxb5 axb5 16. Bxb5+ Ke7 17. Kb2 Rb8 18. a4 g5 19. Kb3 Rg8 20. g4 f5
21. c4 Rg6 22. c5 Rh6 23. h3 Rf6 24. Rhf1 h5 25. Bc6 hxg4 26. hxg4 Kf7 27. Kc4
Be7 28. b5 Rh6 29. Rh1 Rh4 30. a5 Bb7 31. Bxb7 Rxb7 32. b6 fxg4 33. Rxh4 gxh4
34. fxg4 Rb8 35. c6 1-0

[Event "Mitropa Cup 22nd"]
[Site "Pula"]
[Date "2003.05.19"]
[Round "3"]
[White "Buhmann, Rainer"]
[Black "Navara, David"]
[Result "1/2-1/2"]
[WhiteElo "2526"]
[BlackElo "2576"]
[PlyCount "201"]
[EventDate "2003.05.17"]
[EventType "team-tourn"]
[EventRounds "9"]
[EventCountry "CRO"]
[Source "ChessBase"]
[SourceDate "2003.07.09"]

1. Nf3 g6 2. c4 Bg7 3. Nc3 c5 4. g3 Nc6 5. Bg2 e5 6. O-O Nge7 7. a3 O-O 8. Rb1
a5 9. Ne1 d6 10. Nc2 Be6 11. Ne3 Rb8 12. Ned5 Bd7 13. Nxe7+ Qxe7 14. d3 Be6 15.
Bd2 Qd7 16. Qa4 Nd4 17. Qxd7 Bxd7 18. b4 axb4 19. axb4 b5 20. bxc5 dxc5 21.
cxb5 Nxb5 22. Nxb5 Bxb5 23. Be3 Rfc8 24. Rfc1 Bf8 25. Bd5 Kg7 26. f4 Bd6 27.
fxe5 Bxe5 28. Rxc5 Bd7 29. Rxb8 Rxc5 30. Bxc5 Bxb8 31. Bd4+ f6 32. Kf2 g5 33.
Be4 Be5 34. Ke3 h6 35. Bf3 Kg6 36. Be4+ Kf7 37. Bd5+ Kg6 38. Bb7 Bg4 39. Bf3
Bd7 40. Be4+ Kf7 41. Bg2 Bg4 42. Bf3 Bd7 43. Bh5+ Ke7 44. Bc5+ Bd6 45. Kd4 Be6
46. Bf3 Kd7 47. e4 Be5+ 48. Ke3 Bd6 49. d4 Ke7 50. Bh5 Kd7 51. Bg6 Bc4 52. Bh5
Ba2 53. Bb6 Be6 54. Kd3 Bh3 55. Bg6 Ke6 56. Bc5 Bf1+ 57. Kc3 Kd7 58. Bb6 Bc7
59. Bf5+ Kc6 60. Bc5 Bd6 61. Kb4 Bg2 62. Bg6 Bf3 63. Bf5 Bg2 64. d5+ Kc7 65.
Kc4 Bf1+ 66. Kd4 Be2 67. Bg6 Bb5 68. Bh5 Bf1 69. Bd1 Bb5 70. Bb3 Bf1 71. Ba4
Bg2 72. Bc6 Bf1 73. Ba7 Kd8 74. Bb6+ Ke7 75. Bc5 Bg2 76. Bb6 Bf1 77. Ba4 Be2
78. Bc2 Bb5 79. Bd3 Be5+ 80. Ke3 Bd7 81. Bc5+ Bd6 82. Kd4 Bc8 83. Be2 Bb7 84.
Bb5 Bc8 85. Kc4 Bg4 86. Kb4 Bf3 87. Bd3 Kd7 88. Kc4 Bg2 89. Bd4 Be7 90. Kb5 f5
91. exf5 Bxd5 92. Bg7 h5 93. Bc4 Bxc4+ 94. Kxc4 Ke8 95. f6 Ba3 96. Kd5 Kf7 97.
Ke5 g4 98. Bh6 Bb2+ 99. Kf5 Bxf6 100. Bg5 Bd4 101. Bh4 1/2-1/2

[Event "Mitropa Cup 22nd"]
[Site "Pula"]
[Date "2003.05.19"]
[Round "3"]
[White "Cvitan, Ognjen"]
[Black "Likavsky, Tomas"]
[Result "0-1"]
[WhiteElo "2551"]
[BlackElo "2453"]
[PlyCount "86"]
[EventDate "2003.05.17"]
[EventType "team-tourn"]
[EventRounds "9"]
[EventCountry "CRO"]
[Source "ChessBase"]
[SourceDate "2003.07.09"]

1. Nf3 d5 2. d4 Nf6 3. c4 e6 4. Nc3 Nbd7 5. Bg5 c6 6. cxd5 exd5 7. e3 Be7 8.
Qc2 O-O 9. Bd3 Re8 10. O-O Nf8 11. Rab1 Bd6 12. Rbe1 Bg4 13. Ne5 Bxe5 14. dxe5
Rxe5 15. f4 Rxg5 16. fxg5 N6d7 17. Qf2 Ne5 18. Bb1 Qxg5 19. e4 d4 20. Qxd4 Nf3+
21. Rxf3 Bxf3 22. Qf2 Bh5 23. e5 Bg6 24. Bxg6 Nxg6 25. e6 fxe6 26. Ne4 Qd5 27.
b3 b6 28. Qg3 Rf8 29. h3 e5 30. Kh2 c5 31. Qg4 Nf4 32. g3 Ne6 33. h4 Nd4 34.
Kh3 h6 35. Qg6 Qf7 36. Qg4 Kh7 37. h5 Nc2 38. Nd6 Qf6 39. Rd1 Nd4 40. Qe4+ Kh8
41. Nc4 Nf3 42. Qg6 Ng5+ 43. Kh4 Qf3 0-1

[Event "Mitropa Cup 22nd"]
[Site "Pula"]
[Date "2003.05.19"]
[Round "3"]
[White "Doettling, Fabian"]
[Black "Simacek, Pavel"]
[Result "1/2-1/2"]
[WhiteElo "2520"]
[BlackElo "2417"]
[PlyCount "59"]
[EventDate "2003.05.17"]
[EventType "team-tourn"]
[EventRounds "9"]
[EventCountry "CRO"]
[Source "ChessBase"]
[SourceDate "2003.07.09"]

1. d4 Nf6 2. Nf3 c5 3. d5 e6 4. Nc3 exd5 5. Nxd5 Nxd5 6. Qxd5 Nc6 7. e4 Be7 8.
Bc4 O-O 9. c3 d6 10. Qd3 Ne5 11. Nxe5 dxe5 12. Qe2 Bg5 13. O-O Bxc1 14. Raxc1
Qe7 15. Rfd1 Bd7 16. Bd5 Rab8 17. Rd2 Rfd8 18. Rcd1 Be8 19. Qg4 Kf8 20. Rd3 Rd6
21. Rg3 Rg6 22. Qh5 Rxg3 23. hxg3 h6 24. f4 exf4 25. gxf4 Rd8 26. Qf3 b6 27. e5
g6 28. Qe4 Bd7 29. Bb3 Bf5 30. Rxd8+ 1/2-1/2

[Event "Mitropa Cup 22nd"]
[Site "Pula"]
[Date "2003.05.19"]
[Round "3"]
[White "Erdos, Viktor"]
[Black "Fuchs, Georg"]
[Result "1-0"]
[WhiteElo "2425"]
[BlackElo "2244"]
[PlyCount "137"]
[EventDate "2003.05.17"]
[EventType "team-tourn"]
[EventRounds "9"]
[EventCountry "CRO"]
[Source "ChessBase"]
[SourceDate "2003.07.09"]

1. d4 d5 2. c4 c6 3. Nf3 Nf6 4. Nc3 e6 5. Bg5 Be7 6. e3 Ne4 7. Bxe7 Qxe7 8. Qc2
O-O 9. Bd3 f5 10. O-O Nd7 11. Nd2 Qg5 12. Rae1 Ndf6 13. f3 Nd6 14. e4 Nh5 15.
e5 Nf4 16. g3 dxc4 17. Bxc4 Nf7 18. Kh1 Nd5 19. Nxd5 cxd5 20. Bd3 Bd7 21. f4
Qd8 22. Qb3 Qb6 23. Qxb6 axb6 24. a3 Rfc8 25. Kg2 Nd8 26. Kf2 b5 27. Nb3 b6 28.
Ra1 Ra4 29. Rfc1 Raa8 30. Ke3 Kf7 31. Rxc8 Rxc8 32. Nc1 Nb7 33. Ne2 Na5 34. Nc3
Nc4+ 35. Bxc4 Rxc4 36. Ra2 b4 37. axb4 Rxb4 38. Kd3 Ke7 39. Ke3 Rb3 40. Kd2 Rb4
41. Kd3 Rb3 42. Kc2 Rb4 43. Kd3 Rb3 44. Kc2 Rb4 45. Ra6 b5 46. Ne2 Rc4+ 47. Kb1
Rb4 48. Ra3 Rc4 49. b3 Rc7 50. Ra6 Be8 51. Kb2 b4 52. Nc1 Rb7 53. Nd3 Rb8 54.
Nc5 Bf7 55. Ra7+ Ke8 56. Na6 Rb6 57. Nc5 Rb8 58. Ra4 Rb6 59. Nd3 Kd7 60. Nxb4
Bh5 61. Nd3 Kc6 62. Nc5 Bd1 63. Kc3 h6 64. Ra7 g5 65. Re7 Kb5 66. Rb7 Rxb7 67.
Nxb7 gxf4 68. gxf4 Bh5 69. Nd8 1-0

[Event "Mitropa Cup 22nd"]
[Site "Pula"]
[Date "2003.05.19"]
[Round "3"]
[White "Flumbort, Andras"]
[Black "Kuba, Guenter"]
[Result "1-0"]
[WhiteElo "2439"]
[BlackElo "2307"]
[PlyCount "83"]
[EventDate "2003.05.17"]
[EventType "team-tourn"]
[EventRounds "9"]
[EventCountry "CRO"]
[Source "ChessBase"]
[SourceDate "2003.07.09"]

1. Nf3 Nc6 2. d4 d5 3. g3 Bg4 4. Bg2 e6 5. c4 Nf6 6. O-O Bd6 7. Nc3 O-O 8. cxd5
Nxd5 9. e4 Nb6 10. Be3 Nc4 11. Qe2 Nxe3 12. Qxe3 Bxf3 13. Bxf3 e5 14. dxe5 Nxe5
15. Bg2 c6 16. Rfd1 Qe7 17. Qe2 Bc5 18. Kh1 b5 19. f4 Nc4 20. e5 Ne3 21. Rd3
Nxg2 22. Qxg2 Rac8 23. Ne4 Rfd8 24. Rad1 Rd5 25. Rxd5 cxd5 26. Rxd5 Be3 27. Rd1
Qe6 28. b3 Qg4 29. Re1 Rc1 30. Rxc1 Bxc1 31. Nf2 Qc8 32. Qd5 h5 33. Ne4 Be3 34.
Qxf7+ Kxf7 35. Nd6+ Ke6 36. Nxc8 g5 37. fxg5 Kxe5 38. Kg2 a6 39. h4 Ke6 40. Kf3
Bd4 41. g4 Kd7 42. Ke4 1-0

[Event "Mitropa Cup 22nd"]
[Site "Pula"]
[Date "2003.05.19"]
[Round "3"]
[White "Huss, Andreas"]
[Black "Cornette, Matthieu"]
[Result "0-1"]
[WhiteElo "2347"]
[BlackElo "2325"]
[PlyCount "92"]
[EventDate "2003.05.17"]
[EventType "team-tourn"]
[EventRounds "9"]
[EventCountry "CRO"]
[Source "ChessBase"]
[SourceDate "2003.07.09"]

1. d4 Nf6 2. Nf3 e6 3. c4 c5 4. d5 exd5 5. cxd5 d6 6. Nc3 g6 7. e4 a6 8. a4 Bg4
9. Be2 Bxf3 10. Bxf3 Bg7 11. Bf4 Qe7 12. Qb3 O-O 13. Qb6 Rd8 14. O-O Ne8 15. a5
Rc8 16. Na4 Nd7 17. Qb3 h5 18. Bd2 Rab8 19. Rae1 Nc7 20. Bd1 Nb5 21. Qh3 Nf6
22. Nb6 Re8 23. Bg5 Qc7 24. f3 Nh7 25. Bc1 c4 26. f4 c3 27. e5 dxe5 28. f5 e4
29. fxg6 fxg6 30. Bf4 Qc5+ 31. Be3 Qb4 32. bxc3 Nxc3 33. Qg3 Nf8 34. d6 Rbd8
35. d7 Re5 36. Qh4 Ne6 37. Qg3 Kh7 38. Rf7 Nd5 39. Ref1 Nxe3 40. Qxe3 Rxa5 41.
Bb3 Qd4 42. Rxg7+ Kxg7 43. Rf7+ Kh8 44. Qxd4+ Nxd4 45. Nd5 e3 46. g3 e2 0-1

[Event "Mitropa Cup 22nd"]
[Site "Pula"]
[Date "2003.05.19"]
[Round "3"]
[White "Laznicka, Viktor"]
[Black "Schenk, Andreas"]
[Result "1/2-1/2"]
[WhiteElo "2438"]
[BlackElo "2473"]
[PlyCount "44"]
[EventDate "2003.05.17"]
[EventType "team-tourn"]
[EventRounds "9"]
[EventCountry "CRO"]
[Source "ChessBase"]
[SourceDate "2003.07.09"]

1. e4 e6 2. d4 d5 3. Nd2 c5 4. exd5 Qxd5 5. Ngf3 cxd4 6. Bc4 Qd6 7. O-O Nf6 8.
Nb3 Nc6 9. Nbxd4 Nxd4 10. Nxd4 a6 11. c3 Qc7 12. Qe2 Bd7 13. Bg5 Bd6 14. h3 h6
15. Bh4 O-O-O 16. Rad1 Bh2+ 17. Kh1 Bf4 18. Bb3 Rhg8 19. Qc4 g5 20. Bg3 Nh5 21.
Qxc7+ Bxc7 22. Bxc7 Kxc7 1/2-1/2

[Event "Mitropa Cup 22nd"]
[Site "Pula"]
[Date "2003.05.19"]
[Round "3"]
[White "Libiszewski, Fabien"]
[Black "Zueger, Beat"]
[Result "1-0"]
[WhiteElo "2369"]
[BlackElo "2448"]
[PlyCount "79"]
[EventDate "2003.05.17"]
[EventType "team-tourn"]
[EventRounds "9"]
[EventCountry "CRO"]
[Source "ChessBase"]
[SourceDate "2003.07.09"]

1. e4 c5 2. Nf3 Nc6 3. Bb5 g6 4. Bxc6 dxc6 5. d3 Bg7 6. h3 Nf6 7. Be3 b6 8. Nc3
Nd7 9. Qd2 e5 10. O-O h6 11. Nh2 g5 12. a3 Nf8 13. b4 cxb4 14. axb4 Ne6 15. Ra3
Nd4 16. Bxd4 exd4 17. Ne2 O-O 18. f4 gxf4 19. Nxf4 Qd6 20. Nh5 Bh8 21. Ng4 Bxg4
22. hxg4 a5 23. Rfa1 Qg6 24. Qf4 Rfe8 25. bxa5 Be5 26. Qf3 bxa5 27. Rxa5 Rxa5
28. Rxa5 Qg5 29. Ra1 Qh4 30. g3 Qg5 31. Rf1 Re7 32. Rf2 Qc1+ 33. Kg2 Rb7 34.
Qf5 Re7 35. Qc8+ Kh7 36. Qf8 Qg5 37. Rxf7+ Rxf7 38. Qxf7+ Kh8 39. Nf4 Bxf4 40.
Qxf4 1-0

[Event "Mitropa Cup 22nd"]
[Site "Pula"]
[Date "2003.05.19"]
[Round "3"]
[White "Manik, Mikulas"]
[Black "Zelcic, Robert"]
[Result "1-0"]
[WhiteElo "2465"]
[BlackElo "2540"]
[PlyCount "79"]
[EventDate "2003.05.17"]
[EventType "team-tourn"]
[EventRounds "9"]
[EventCountry "CRO"]
[Source "ChessBase"]
[SourceDate "2003.07.09"]

1. e4 c6 2. d4 d5 3. Nc3 dxe4 4. Nxe4 Bf5 5. Ng3 Bg6 6. Nf3 e6 7. h4 h6 8. h5
Bh7 9. Bd3 Bxd3 10. Qxd3 Nf6 11. Bf4 Qa5+ 12. Bd2 Bb4 13. c3 Be7 14. c4 Qc7 15.
O-O-O Nbd7 16. Kb1 O-O 17. Qc2 Rfe8 18. Ne5 b5 19. f4 bxc4 20. Qxc4 c5 21. Nxd7
Nxd7 22. dxc5 Nb6 23. Qc2 Nd5 24. Rhf1 Rab8 25. Rc1 Rb5 26. Ne4 Reb8 27. b3 Qc6
28. f5 a5 29. fxe6 Qxe6 30. Rce1 Qc6 31. Qc4 a4 32. Rf5 Nf6 33. b4 a3 34. Bc3
Kh8 35. Ka1 Qe6 36. Nd6 Qd7 37. Qxf7 Bxd6 38. Rxf6 Qxf7 39. Rxf7 Bg3 40. Re6
1-0

[Event "Mitropa Cup 22nd"]
[Site "Pula"]
[Date "2003.05.19"]
[Round "3"]
[White "Pavasovic, Dusko"]
[Black "Arlandi, Ennio"]
[Result "1-0"]
[WhiteElo "2584"]
[BlackElo "2456"]
[PlyCount "143"]
[EventDate "2003.05.17"]
[EventType "team-tourn"]
[EventRounds "9"]
[EventCountry "CRO"]
[Source "ChessBase"]
[SourceDate "2003.07.09"]

1. e4 c5 2. Nf3 e6 3. c3 d5 4. e5 Nh6 5. d4 Nf5 6. Bd3 Nc6 7. O-O Be7 8. dxc5
Bxc5 9. Nbd2 O-O 10. Nb3 Be7 11. Qc2 g6 12. Bxf5 exf5 13. Bh6 Re8 14. Qd2 Be6
15. Rfe1 b5 16. Nbd4 Qb6 17. Bg5 Bf8 18. Nxc6 Qxc6 19. Re3 Qb6 20. Bf6 h6 21.
Nd4 b4 22. Rh3 Kh7 23. cxb4 Rac8 24. Bg5 h5 25. a3 Bg7 26. Re1 Rc4 27. Rd3 Rec8
28. b3 R4c7 29. Bf4 a6 30. Qe3 Qb7 31. Red1 Bf8 32. Qg3 Be7 33. Bg5 Bf8 34. Bd2
Qb8 35. Qg5 Qb6 36. Be3 Qb7 37. Bd2 Qb6 38. Qg3 Bg7 39. Be3 Qb8 40. Bf4 Qb6 41.
Nf3 Kg8 42. Be3 Qb7 43. Ng5 Qb5 44. Bc5 Qe8 45. h3 Rc6 46. Nf3 R6c7 47. Qf4 Rb7
48. Bd6 Kh7 49. Ng5+ Kg8 50. Nxe6 fxe6 51. Rc1 Rb6 52. Rc5 Rcc6 53. Qc1 Rxd6
54. exd6 Rxd6 55. Rc8 Rd8 56. Rxd8 Qxd8 57. Qc6 Qf6 58. Rd1 Qe5 59. Qxa6 f4 60.
Qd3 Kh7 61. b5 Qd6 62. a4 Qb4 63. Kf1 Bc3 64. Rc1 d4 65. Qc4 Qd6 66. Qc6 Qe5
67. b6 Kh6 68. Qc7 Qg5 69. Rxc3 dxc3 70. Qxc3 Qd5 71. Kg1 e5 72. Qf3 1-0

[Event "Mitropa Cup 22nd"]
[Site "Pula"]
[Date "2003.05.19"]
[Round "3"]
[White "Petrik, Tomas"]
[Black "Brkic, Ante"]
[Result "1-0"]
[WhiteElo "2387"]
[BlackElo "2403"]
[PlyCount "153"]
[EventDate "2003.05.17"]
[EventType "team-tourn"]
[EventRounds "9"]
[EventCountry "CRO"]
[Source "ChessBase"]
[SourceDate "2003.07.09"]

1. e4 c5 2. Nf3 d6 3. d4 cxd4 4. Nxd4 Nf6 5. Nc3 a6 6. Be2 e6 7. O-O Be7 8. f4
Qc7 9. a4 Nc6 10. Be3 O-O 11. Kh1 Re8 12. Bf3 Na5 13. g4 Nd7 14. Qe1 b6 15. g5
Bf8 16. Rd1 Bb7 17. Qh4 g6 18. Bg2 Bg7 19. Bc1 Qc5 20. Qf2 Rad8 21. f5 Ne5 22.
Nce2 Rd7 23. c3 Qc4 24. b3 Nxb3 25. Nxb3 Qxb3 26. Bf4 exf5 27. exf5 Bxg2+ 28.
Kxg2 Qxa4 29. Nd4 Qc4 30. Qg3 Rc7 31. Rfe1 Qxc3 32. Nf3 Rec8 33. f6 Bf8 34.
Bxe5 dxe5 35. Rxe5 Qb2+ 36. Kh3 Rc3 37. Rde1 Qa3 38. Kg2 Rc2+ 39. Kh1 R8c3 40.
Re8 Rxf3 41. Rxf8+ Qxf8 42. Qxf3 h6 43. Qe4 Rb2 44. Qc6 Kh7 45. Re8 Rc2 46. Qd7
Rc1+ 47. Kg2 Rc2+ 48. Kf1 Rc7 49. Qd8 Rc1+ 50. Ke2 Rc2+ 51. Kd1 Rd2+ 52. Kxd2
Qb4+ 53. Ke3 Qe1+ 54. Kd4 Qb4+ 55. Ke5 Qc5+ 56. Ke4 Qc4+ 57. Ke3 Qc3+ 58. Ke2
Qb2+ 59. Kf3 Qc3+ 60. Re3 Qc6+ 61. Kg3 Qc1 62. Qe7 Qg1+ 63. Kf3 Qf1+ 64. Ke4
Qg2+ 65. Ke5 Qxg5+ 66. Kd6 Qc5+ 67. Kd7 Qd5+ 68. Ke8 Qa8+ 69. Qd8 Qc6+ 70. Kf8
Qc5+ 71. Qe7 Qc8+ 72. Qe8 Qc5+ 73. Re7 h5 74. Qxf7+ Kh6 75. h4 Qc8+ 76. Re8
Qc5+ 77. Kg8 1-0

[Event "Mitropa Cup 22nd"]
[Site "Pula"]
[Date "2003.05.19"]
[Round "3"]
[White "Ragger, Markus"]
[Black "Balogh, Csaba"]
[Result "1/2-1/2"]
[WhiteElo "2280"]
[BlackElo "2471"]
[PlyCount "122"]
[EventDate "2003.05.17"]
[EventType "team-tourn"]
[EventRounds "9"]
[EventCountry "CRO"]
[Source "ChessBase"]
[SourceDate "2003.07.09"]

1. e4 c5 2. c3 d5 3. exd5 Qxd5 4. d4 Nf6 5. Nf3 e6 6. Be3 cxd4 7. cxd4 Nc6 8.
a3 Be7 9. Nc3 Qd6 10. Bd3 b6 11. O-O Bb7 12. Qe2 O-O 13. Rad1 Rad8 14. Rfe1
Rfe8 15. Ng5 Qb8 16. Nce4 h6 17. Nh3 Nxd4 18. Nxf6+ Bxf6 19. Qg4 Nf5 20. Bxf5
exf5 21. Qb4 Rxd1 22. Rxd1 Qe5 23. Nf4 Qe4 24. h3 Re7 25. b3 Bg5 26. Qxe4 fxe4
27. Rd8+ Kh7 28. Nd5 Bxd5 29. Bxg5 hxg5 30. Rxd5 Kg6 31. a4 Kf6 32. Kf1 Rc7 33.
a5 Rc1+ 34. Ke2 Rc5 35. Rd6+ Ke5 36. Rd7 Ke6 37. Rxa7 Rxa5 38. Rc7 Rc5 39. Ra7
Ra5 40. Rc7 Rc5 41. Ra7 Rb5 42. Ke3 f5 43. Rxg7 Rxb3+ 44. Ke2 Kf6 45. Rc7 f4
46. Rc8 e3 47. fxe3 Rxe3+ 48. Kf2 Re5 49. Kf3 b5 50. Rb8 Ke6 51. h4 gxh4 52.
Kxf4 Rc5 53. Ke4 Kd6 54. Rb6+ Kc7 55. Rg6 Rc6 56. Rg5 Kb6 57. Kd3 Ka5 58. Rg4
Rh6 59. Kc3 Rh5 60. Kb3 Kb6 61. Kb4 Kc6 1/2-1/2